Влияние метода консолидирования на физико-механические свойства керамики на основе карбонитрида циркония; Современные проблемы машиностроения

Detalles Bibliográficos
Parent link:Современные проблемы машиностроения.— 2024.— С. 321-322
Autor principal: Кузьменко Е. Д. Егор Дмитриевич
Otros Autores: Матренин С. В. Сергей Вениаминович
Sumario:Текстовый файл
Lenguaje:ruso
Publicado: 2024
Materias:
Acceso en línea:http://earchive.tpu.ru/handle/11683/85213
Formato: Electrónico Capítulo de libro
KOHA link:https://koha.lib.tpu.ru/cgi-bin/koha/opac-detail.pl?biblionumber=679516

MARC

LEADER 00000naa2a2200000 4500
001 679516
005 20251224134201.0
090 |a 679516 
100 |a 20250403d2024 k||y0rusy50 ca 
101 0 |a rus 
102 |a RU 
135 |a drbn ---uucaa 
200 1 |a Влияние метода консолидирования на физико-механические свойства керамики на основе карбонитрида циркония  |f Кузьменко Е. Д., Матренин С. В. 
320 |a Список литературы: 1 назв 
336 |a Текстовый файл 
463 1 |0 679118  |9 679118  |t Современные проблемы машиностроения  |o сборник статей XVII Международной научно-технической конференции, г. Томск, 25–29 ноября 2024 г.  |f Национальный исследовательский Томский политехнический университет (ТПУ) ; ред. кол. А. И. Сечин, М. С. Кухта, Е. Н. Пашков [и др.]  |c Томск  |n Изд-во ТПУ  |d 2024  |u conference_tpu-2024-C45.pdf  |v С. 321-322 
545 1 |a Материаловедение и нанотехнологии в машиностроении  
610 1 |a труды учёных ТПУ 
610 1 |a электронный ресурс 
610 1 |a керамика 
610 1 |a карбонитрид циркония 
610 1 |a тугоплавкие материалы 
610 1 |a физико-механические свойства 
700 1 |a Кузьменко  |b Е. Д.  |c специалист в области материаловедения  |c инженер Томского политехнического университета  |f 2001-  |g Егор Дмитриевич  |y Томск  |7 ca  |8 rus  |9 88975 
701 1 |a Матренин  |b С. В.  |c специалист в области материаловедения  |c доцент Томского политехнического университета, кандидат технических наук  |f 1964-  |g Сергей Вениаминович  |9 11428 
801 0 |a RU  |b 63413507  |c 20250403 
850 |a 63413507 
856 4 |u http://earchive.tpu.ru/handle/11683/85213  |z http://earchive.tpu.ru/handle/11683/85213 
942 |c CF